[Event "Cappelle Online Blitz op"]
[Site "Europe Echecs INT"]
[Date "2022.01.09"]
[Round "2"]
[White "Faure Brac, Seraphin"]
[Black "Bellahcene, Bilel"]
[Result "0-1"]
[WhiteElo "2033"]
[BlackElo "2508"]
[PlyCount "142"]
[EventDate "2022.01.09"]
[EventType "swiss (blitz)"]
[EventRounds "11"]
[EventCountry "FRA"]
[SourceTitle "EXT 2023"]
[Source "ChessBase"]
[SourceDate "2022.10.05"]
[SourceVersion "1"]
[SourceVersionDate "2022.10.05"]
[SourceQuality "1"]

1. e4 c5 2. Nf3 Nc6 3. d4 cxd4 4. Nxd4 g6 5. c4 Bg7 6. Nc2 Nf6 7. Nc3 0-0 8. Be2 d6 9. Be3 Nd7 10. 0-0 Bxc3 11. bxc3 Nc5 12. f3 b6 13. Nd4 Bb7 14. Rb1 Rc8 15. Qc2 Ne5 16. Nb5 Ra8 17. Rfd1 Qc8 18. Bf1 Ncd7 19. Qe2 Ba6 20. f4 Nc6 21. Qf3 Na5 22. Rb4 Bb7 23. Bd3 Nc5 24. Bb1 Na6 25. Qe2 Nxb4 26. cxb4 Nc6 27. Qb2 Rd8 28. f5 Ne5 29. f6 Nxc4 30. Qd4 Nxe3 31. Qxe3 exf6 32. Qd4 Qe6 33. Nc7 Qe5 34. Nxa8 Qxd4+ 35. Rxd4 Bxa8 36. Bd3 Kf8 37. Kf2 Ke7 38. Ke3 Rc8 39. a4 Bc6 40. a5 Bd7 41. Ba6 Rc3+ 42. Rd3 Rc1 43. Rd2 Bc6 44. axb6 axb6 45. b5 Ba8 46. Rb2 Re1+ 47. Kf2 Rxe4 48. Ra2 Bd5 49. Ra3 Rf4+ 50. Kg1 Rf5 51. Bc8 Be6 52. Ra7+ Kf8 53. Ba6 Bd5 54. Rd7 Bc4 55. g4 Rd5 56. Kf2 Bxb5 57. Bxb5 Rxb5 58. Rxd6 Kg7 59. Kf3 Rb2 60. h3 b5 61. Rb6 b4 62. Kg3 b3 63. Rb4 Rb1 64. Kg2 b2 65. Rb3 f5 66. gxf5 gxf5 67. Rg3+ Kf6 68. Rb3 f4 69. Kh2 Kg7 70. Kg2 f3+ 71. Kf2 Rh1 0-1

[Event "Cappelle Online Blitz op"]
[Site "Europe Echecs INT"]
[Date "2022.01.09"]
[Round "8"]
[White "Faure Brac, Seraphin"]
[Black "Matnadze, Ana"]
[Result "0-1"]
[WhiteElo "2033"]
[BlackElo "2423"]
[PlyCount "85"]
[EventDate "2022.01.09"]
[EventType "swiss (blitz)"]
[EventRounds "11"]
[EventCountry "FRA"]
[SourceTitle "EXT 2023"]
[Source "ChessBase"]
[SourceDate "2022.10.05"]
[SourceVersion "1"]
[SourceVersionDate "2022.10.05"]
[SourceQuality "1"]

1. e4 c6 2. d4 d5 3. e5 a6 4. Bd3 g6 5. c3 h5 6. h4 Bh6 7. Bxh6 Nxh6 8. Nh3 Bf5 9. Be2 e6 10. Nf4 c5 11. Qd2 Nc6 12. g3 Qb6 13. dxc5 Qxc5 14. Nd3 Qb6 15. f4 Be4 16. Rf1 Nf5 17. Na3 Nxg3 18. 0-0-0 Nxf1 19. Rxf1 0-0-0 20. Bd1 Kb8 21. Ba4 Rc8 22. Bxc6 bxc6 23. Nc2 c5 24. Nde1 Rhd8 25. Qf2 Ka7 26. Rg1 Rb8 27. b3 Rdc8 28. Rg3 Qa5 29. Kb2 Ka8 30. a3 Qb5 31. b4 a5 32. Qd2 Rb7 33. Nd3 axb4 34. axb4 Ra7 35. Kc1 Qc4 36. Nxc5 Bxc2 37. Qxc2 Ra1+ 38. Kd2 Ra2 39. Rg2 Qxf4+ 40. Kd1 Qf1+ 41. Kd2 Rxc2+ 42. Kxc2 Qxg2+ 43. Kb3 0-1

[Event "Cappelle Online Blitz op"]
[Site "Europe Echecs INT"]
[Date "2022.01.09"]
[Round "7"]
[White "Morata, Jules"]
[Black "Faure Brac, Seraphin"]
[Result "0-1"]
[WhiteElo "1600"]
[BlackElo "2033"]
[PlyCount "60"]
[EventDate "2022.01.09"]
[EventType "swiss (blitz)"]
[EventRounds "11"]
[EventCountry "FRA"]
[SourceTitle "EXT 2023"]
[Source "ChessBase"]
[SourceDate "2022.10.05"]
[SourceVersion "1"]
[SourceVersionDate "2022.10.05"]
[SourceQuality "1"]

1. e4 c5 2. d4 cxd4 3. c3 dxc3 4. Nxc3 e6 5. Nf3 a6 6. Bc4 b5 7. Bb3 d6 8. 0-0 Ra7 9. Qe2 Rd7 10. a4 b4 11. Nd1 Be7 12. a5 Nf6 13. Ba4 0-0 14. Bxd7 Nbxd7 15. b3 Bb7 16. e5 Bxf3 17. Qxf3 Nxe5 18. Qe2 Qa8 19. Ne3 Ned7 20. Bd2 d5 21. Ng4 Ne4 22. Rac1 Qb7 23. f3 Nxd2 24. Qxd2 Nc5 25. Qb2 Nd3 26. Qb1 Nxc1 27. Rxc1 Rc8 28. Re1 Rc3 29. Ne5 Qc7 30. h4 Bxh4 0-1

[Event "Tetraktys Concept Mgmt"]
[Site "Europe Echecs INT"]
[Date "2021.06.06"]
[Round "6"]
[White "Baskin, Robert"]
[Black "Faure Brac, Seraphin"]
[Result "1-0"]
[WhiteElo "2390"]
[BlackElo "1996"]
[PlyCount "41"]
[EventDate "2021.06.06"]
[EventType "swiss (blitz)"]
[EventRounds "11"]
[EventCountry "FRA"]
[SourceTitle "CBM 202 Extra"]
[Source "ChessBase"]
[SourceDate "2021.07.31"]
[SourceVersion "1"]
[SourceVersionDate "2021.07.31"]
[SourceQuality "1"]

1. d4 d6 2. e4 Nf6 3. Nc3 e5 4. Nge2 Nbd7 5. h3 Be7 6. g4 g6 7. Bg2 c6 8. a4 0-0 9. Be3 Re8 10. 0-0 h5 11. g5 Nh7 12. h4 Nhf8 13. f4 exd4 14. Nxd4 Ne6 15. Nxe6 fxe6 16. f5 exf5 17. exf5 gxf5 18. Qxh5 Nf8 19. Bd4 Nh7 20. Qg6+ Kf8 21. Qg7# 1-0

[Event "Tetraktys Concept Mgmt"]
[Site "Europe Echecs INT"]
[Date "2021.06.06"]
[Round "10"]
[White "Faure Brac, Seraphin"]
[Black "Godel, Wenceslas"]
[Result "1-0"]
[WhiteElo "1996"]
[BlackElo "1978"]
[PlyCount "69"]
[EventDate "2021.06.06"]
[EventType "swiss (blitz)"]
[EventRounds "11"]
[EventCountry "FRA"]
[SourceTitle "CBM 202 Extra"]
[Source "ChessBase"]
[SourceDate "2021.07.31"]
[SourceVersion "1"]
[SourceVersionDate "2021.07.31"]
[SourceQuality "1"]

1. e4 c5 2. Nf3 Nc6 3. d4 cxd4 4. Nxd4 g6 5. c4 Bg7 6. Nc2 Nf6 7. Nc3 d6 8. Be3 0-0 9. Be2 Bd7 10. 0-0 a5 11. Rc1 a4 12. f3 Nh5 13. g4 Bxc3 14. bxc3 Ng7 15. Rb1 Qc8 16. Nb4 Nxb4 17. cxb4 Ne6 18. Qd2 b5 19. cxb5 Qb7 20. b6 Rfc8 21. Rfc1 Nd8 22. Rxc8 Rxc8 23. Rc1 Nc6 24. b5 Ne5 25. Rxc8+ Bxc8 26. Qc1 f5 27. gxf5 gxf5 28. Qc7 fxe4 29. fxe4 Kf7 30. Bc4+ Nxc4 31. Qxc4+ Be6 32. Qf1+ Ke8 33. Qb1 Kd7 34. Qc2 Qxe4 35. Qxe4 1-0

[Event "C'Chartres Blitz op April"]
[Site "Europe Echecs INT"]
[Date "2021.04.10"]
[Round "6"]
[White "Buksa, Nataliya"]
[Black "Faure Brac, Seraphin"]
[Result "1-0"]
[WhiteElo "2419"]
[BlackElo "1996"]
[PlyCount "155"]
[EventDate "2021.04.10"]
[EventType "swiss (blitz)"]
[EventRounds "11"]
[EventCountry "FRA"]
[SourceTitle "CBM 201 Extra"]
[Source "ChessBase"]
[SourceDate "2021.05.31"]
[SourceVersion "1"]
[SourceVersionDate "2021.05.31"]
[SourceQuality "1"]

1. d4 d6 2. Nc3 Nf6 3. e4 e5 4. Nf3 Nbd7 5. Bc4 Be7 6. 0-0 0-0 7. Re1 c6 8. a4 b6 9. b3 a6 10. Bb2 Bb7 11. Bd3 Qc7 12. Ne2 g6 13. Ng3 Rfd8 14. Qd2 Bf8 15. Rad1 Bg7 16. h3 b5 17. axb5 cxb5 18. Ra1 Rac8 19. Rac1 Qb8 20. c4 bxc4 21. Bxc4 exd4 22. Nxd4 Ne5 23. Bf1 h5 24. Rxc8 Rxc8 25. f4 Nc6 26. Nxc6 Rxc6 27. e5 dxe5 28. Bxe5 Qc8 29. Bc4 h4 30. Nf1 Nh5 31. Bxg7 Nxg7 32. Ne3 Nf5 33. Ng4 Rd6 34. Qc3 Qc6 35. Qb2 Qc5+ 36. Kh2 Qd4 37. Qxd4 Rxd4 38. Ne5 Rxf4 39. Nxf7 Kg7 40. Ng5 Rf2 41. Ne4 Rb2 42. Kg1 Ng3 43. Nxg3 Rxg2+ 44. Kf1 hxg3 45. Re7+ Kf6 46. Rxb7 Rf2+ 47. Kg1 Rh2 48. Rb6+ Kg5 49. Rxa6 Rxh3 50. Bd3 Rh2 51. Rxg6+ Kf4 52. Bc4 Rc2 53. Rf6+ Ke3 54. Bd5 Rd2 55. Rf5 Rb2 56. Rf3+ Kd4 57. Bf7 g2 58. Rf2 Rb1+ 59. Kxg2 Kc3 60. Kf3 Kb4 61. Bc4 Rd1 62. Ke4 Rd8 63. Rf7 Re8+ 64. Kd5 Rd8+ 65. Kc6 Rc8+ 66. Rc7 Rh8 67. Rb7+ Kc3 68. Be6 Rh6 69. Kd6 Rh4 70. Kc5 Rh5+ 71. Bd5 Rh4 72. b4 Rh8 73. b5 Rc8+ 74. Bc6 Kb3 75. Ra7 Rb8 76. b6 Kb2 77. Ra8 Rb7 78. Bxb7 1-0

[Event "C'Chartres Blitz op April"]
[Site "Europe Echecs INT"]
[Date "2021.04.10"]
[Round "8"]
[White "Faure Brac, Seraphin"]
[Black "Agmanov, Zhandos"]
[Result "0-1"]
[WhiteElo "1996"]
[BlackElo "2413"]
[PlyCount "124"]
[EventDate "2021.04.10"]
[EventType "swiss (blitz)"]
[EventRounds "11"]
[EventCountry "FRA"]
[SourceTitle "CBM 201 Extra"]
[Source "ChessBase"]
[SourceDate "2021.05.31"]
[SourceVersion "1"]
[SourceVersionDate "2021.05.31"]
[SourceQuality "1"]

1. e4 c5 2. Nf3 Nc6 3. d4 cxd4 4. Nxd4 g6 5. c4 Bg7 6. Nc2 Nf6 7. Nc3 0-0 8. Be2 d6 9. 0-0 Nd7 10. Be3 Nc5 11. f3 Be6 12. Rc1 Rc8 13. Nd4 Nxd4 14. Bxd4 Bxd4+ 15. Qxd4 Qb6 16. b3 Rfd8 17. Rfd1 Qa5 18. Rc2 a6 19. Nd5 Bxd5 20. cxd5 Nd7 21. Rdc1 Rxc2 22. Rxc2 Qe1+ 23. Bf1 Qa5 24. Kf2 Ne5 25. Qc3 Qb6+ 26. Qe3 Qa5 27. Qc3 Qxc3 28. Rxc3 Kf8 29. Rc7 Rb8 30. h3 Ke8 31. f4 Kd8 32. Rc2 Nd7 33. Ke3 Rc8 34. Rxc8+ Kxc8 35. b4 Kc7 36. Kd4 f6 37. g3 h6 38. h4 g5 39. Bh3 Nb6 40. hxg5 hxg5 41. fxg5 fxg5 42. Bf1 Nd7 43. Bh3 Ne5 44. Bf1 Kd8 45. a4 Ke8 46. a5 Kd8 47. b5 axb5 48. Bxb5 Kc7 49. a6 bxa6 50. Bxa6 Kb6 51. Be2 Ka5 52. Kc3 Ka4 53. Bd1+ Kb5 54. Kd4 Kb4 55. Be2 Kb3 56. Ke3 Kc2 57. Bh5 Nc4+ 58. Kf3 Kd3 59. Bg6 Ne5+ 60. Kg2 Nxg6 61. Kf3 Ne5+ 62. Kg2 g4 0-1

[Event "C'Chartres Blitz op April"]
[Site "Europe Echecs INT"]
[Date "2021.04.10"]
[Round "11"]
[White "Faure Brac, Seraphin"]
[Black "Godon, Philippe"]
[Result "0-1"]
[WhiteElo "1996"]
[BlackElo "1818"]
[PlyCount "145"]
[EventDate "2021.04.10"]
[EventType "swiss (blitz)"]
[EventRounds "11"]
[EventCountry "FRA"]
[SourceTitle "CBM 201 Extra"]
[Source "ChessBase"]
[SourceDate "2021.05.31"]
[SourceVersion "1"]
[SourceVersionDate "2021.05.31"]
[SourceQuality "1"]

1. Nf3 c5 2. g3 g6 3. Nc3 Bg7 4. b3 Nc6 5. Bb2 e6 6. Bg2 d5 7. 0-0 Nf6 8. d4 cxd4 9. Nxd4 Nxd4 10. Qxd4 0-0 11. Qd1 a6 12. Qc1 Qc7 13. e4 Nxe4 14. Nxe4 Bxb2 15. Qxb2 dxe4 16. Bxe4 Bd7 17. c4 Bc6 18. Qe2 Bxe4 19. Qxe4 Rad8 20. Rfd1 b6 21. Qe3 Rd6 22. Rxd6 Qxd6 23. Re1 Rd8 24. Kf1 Qd3+ 25. Qxd3 Rxd3 26. Ke2 Rc3 27. Kd2 Rf3 28. Ke2 Rc3 29. Rd1 Kg7 30. Rd3 Rc2+ 31. Rd2 Rc3 32. f4 Kf6 33. Kd1 Ke7 34. Re2 Rd3+ 35. Kc2 Rf3 36. Rd2 h5 37. b4 Ra3 38. Kb2 Re3 39. c5 bxc5 40. bxc5 Re4 41. Kb3 e5 42. c6 Rd4 43. Rc2 Kd8 44. fxe5 Re4 45. c7+ Kc8 46. Rc5 Re2 47. Kb4 Rxh2 48. a4 Rb2+ 49. Ka5 Rb7 50. Kxa6 Rxc7 51. Rd5 Rc6+ 52. Kb5 Rc1 53. a5 Rb1+ 54. Ka6 Rb3 55. Rc5+ Kb8 56. Rb5+ Rxb5 57. Kxb5 g5 58. Kc6 h4 59. gxh4 gxh4 60. Kd7 h3 61. Ke7 h2 62. Kxf7 h1Q 63. e6 Qh7+ 64. Kf8 Qf5+ 65. Ke7 Qxa5 66. Kf8 Qd8+ 67. Kf7 Qd5 68. Kf6 Kc7 69. Ke7 Qd6+ 70. Kf7 Kd8 71. Kf6 Qe7+ 72. Ke5 Kc7 73. Kf5 0-1

[Event "Cappelle Online Blitz op"]
[Site "Europe Echecs INT"]
[Date "2021.03.07"]
[Round "3"]
[White "Alberola, Raphael"]
[Black "Faure Brac, Seraphin"]
[Result "0-1"]
[WhiteElo "1664"]
[BlackElo "1996"]
[PlyCount "72"]
[EventDate "2021.03.07"]
[EventType "swiss (blitz)"]
[EventRounds "11"]
[EventCountry "FRA"]
[SourceTitle "CBM 201 Extra"]
[Source "ChessBase"]
[SourceDate "2021.05.31"]
[SourceVersion "1"]
[SourceVersionDate "2021.05.31"]
[SourceQuality "1"]

1. e4 c5 2. Nf3 d6 3. d4 cxd4 4. Nxd4 Nf6 5. Nc3 a6 6. f3 e5 7. Nb3 Be6 8. Be3 Be7 9. Qd2 0-0 10. 0-0-0 b5 11. g4 b4 12. Nd5 Bxd5 13. exd5 a5 14. Kb1 a4 15. Nc1 Nfd7 16. h4 Na6 17. Bxa6 Rxa6 18. h5 Qa8 19. g5 b3 20. cxb3 axb3 21. a3 Rc8 22. Nxb3 Rb8 23. Nc1 Rxa3 24. g6 f5 25. h6 Ra1+ 26. Kc2 Qa4+ 27. Kd3 Qb5+ 28. Kc2 Qxb2+ 29. Kd3 Qb5+ 30. Kc2 Rc8+ 31. Qc3 Rxc3+ 32. Kxc3 Ra3+ 33. Kd2 Qb2+ 34. Ke1 Rxe3+ 35. Kf1 Rxf3+ 36. Kg1 Qf2# 0-1

[Event "Syre Memorial op 36th"]
[Site "Issy les Moulineaux"]
[Date "2013.05.08"]
[Round "1"]
[White "Faure Brac, Seraphin"]
[Black "Jessel, Stephen"]
[Result "0-1"]
[WhiteElo "1998"]
[BlackElo "2287"]
[PlyCount "46"]
[EventDate "2013.05.08"]
[EventType "swiss"]
[EventRounds "7"]
[EventCountry "FRA"]
[SourceTitle "EXT 2015"]
[Source "ChessBase"]
[SourceDate "2014.11.20"]
[SourceVersion "1"]
[SourceVersionDate "2014.11.20"]
[SourceQuality "1"]

1. e4 e6 2. d4 d5 3. exd5 exd5 4. Bd3 Nf6 5. Nf3 Bd6 6. 0-0 0-0 7. Bg5 Bg4 8. Nbd2 Nbd7 9. h3 Bh5 10. c3 c6 11. Qc2 Qc7 12. Rfe1 Rae8 13. Re3 Rxe3 14. fxe3 Re8 15. e4 dxe4 16. Nxe4 Bxf3 17. Nxf6+ gxf6 18. Bh6 Bf4 19. Bxf4 Qxf4 20. gxf3 Kh8 21. Bxh7 Qg3+ 22. Qg2 Qxg2+ 23. Kxg2 Kxh7 0-1